NFL Second Team All Pro Cornerbacks - Statistics

General Stats
  • This quiz has been taken 37 times
    5 since last reset
  • The average score is 28 of 114
Answer Stats
Year Team Player % Correct
2003 Dolphins Patrick Surtain
100%
1996 Cardinals Aeneas Williams
67%
1994 Cardinals Aeneas Williams
67%
2009 Eagles Asante Samuel
67%
2018 Cowboys Byron Jones
67%
2012 Broncos Champ Bailey
67%
2007 Broncos Champ Bailey
67%
2003 Redskins Champ Bailey
67%
2000 Redskins Champ Bailey
67%
2010 Packers Charles Woodson
67%
2008 Packers Charles Woodson
67%
2000 Raiders Charles Woodson
67%
2024 Patriots Christian Gonzalez
67%
1990 Redskins Darrell Green
67%
1986 Redskins Darrell Green
67%
2021 Patriots J. C. Jackson
67%
2016 Patriots Malcolm Butler
67%
1977 Rams Monte Jackson
67%
2019 49ers Richard Sherman
67%
2015 Seahawks Richard Sherman
67%
2000 Ravens Rod Woodson
67%
2020 Bills Tre'Davious White
67%
2024 Chiefs Trent McDuffie
67%
2021 Falcons A. J. Terrell
33%
2007 Packers Al Harris
33%
2008 Vikings Antoine Winfield
33%
2013 Patriots Aqib Talib
33%
2015 Broncos Chris Harris Jr.
33%
2014 Broncos Chris Harris Jr.
33%
1984 Seahawks Dave Brown
33%
2010 Patriots Devin McCourty
33%
2025 Seahawks Devon Witherspoon
33%
2022 Packers Jaire Alexander
33%
2020 Packers Jaire Alexander
33%
2023 Bears Jaylon Johnson
33%
1976 Bengals Ken Riley
33%
1975 Bengals Ken Riley
33%
1983 Raiders Lester Hayes
33%
2019 Ravens Marcus Peters
33%
2015 Chiefs Marcus Peters
33%
1979 Steelers Mel Blount
33%
1978 Steelers Mel Blount
33%
1973 Cowboys Mel Renfro
33%
1972 Cowboys Mel Renfro
33%
1982 Patriots Mike Haynes
33%
1980 Patriots Mike Haynes
33%
1979 Patriots Mike Haynes
33%
1978 Patriots Mike Haynes
33%
1977 Patriots Mike Haynes
33%
1976 Patriots Mike Haynes
33%
2009 Raiders Nnamdi Asomugha
33%
2006 Raiders Nnamdi Asomugha
33%
1974 Cardinals Roger Wehrli
33%
2006 Buccaneers Ronde Barber
33%
2002 Buccaneers Ronde Barber
33%
2001 Dolphins Sam Madison
33%
1998 Dolphins Sam Madison
33%
2023 Bills Taron Johnson
33%
1972 Raiders Willie Brown
33%
2017 Jaguars A. J. Bouye
0%
2013 Titans Alterraun Verner
0%
2002 Eagles Bobby Taylor
0%
2014 Dolphins Brent Grimes
0%
2011 49ers Carlos Rogers
0%
2017 Chargers Casey Hayward
0%
2016 Chargers Casey Hayward
0%
2023 49ers Charvarius Ward
0%
1997 Redskins Cris Dishman
0%
1996 Chiefs Dale Carter
0%
1995 Chiefs Dale Carter
0%
1987 Saints Dave Waymer
0%
1999 Cowboys Deion Sanders
0%
1992 Falcons Deion Sanders
0%
1991 Falcons Deion Sanders
0%
2005 Bengals Deltha O'Neal
0%
2025 Chargers Derwin James
0%
1997 Packers Doug Evans
0%
1975 Chiefs Emmitt Thomas
0%
1993 Eagles Eric Allen
0%
1991 Eagles Eric Allen
0%
1985 Cowboys Everson Walls
0%
1982 Cowboys Everson Walls
0%
1989 Browns Frank Minnifield
0%
1987 Browns Frank Minnifield
0%
1992 Chargers Gill Byrd
0%
2022 Eagles James Bradberry
0%
1997 Chiefs James Hasty
0%
2016 Giants Janoris Jenkins
0%
1989 Rams Jerry Gray
0%
1986 Rams Jerry Gray
0%
2013 Browns Joe Haden
0%
2011 Texans Johnathan Joseph
0%
1990 Chiefs Kevin Ross
0%
1980 Redskins Lemar Parrish
0%
1973 Lions Lem Barney
0%
2009 Bengals Leon Hall
0%
1985 Rams LeRoy Irvin
0%
1983 Giants Mark Haynes
0%
1981 Giants Mark Haynes
0%
1974 Redskins Mike Bass
0%
1993 Bills Nate Odomes
0%
2005 Bears Nathan Vasher
0%
2025 Broncos Patrick Surtain ll
0%
1998 Falcons Ray Buchanan
0%
2004 Patriots Rodney Harrison
0%
1981 Eagles Roynell Young
0%
2004 Redskins Shawn Springs
0%
1995 Raiders Terry McDaniel
0%
1994 Raiders Terry McDaniel
0%
2012 Bears Tim Jennings
0%
1984 Bears Todd Bell
0%
1999 Rams Todd Lyght
0%
2001 Eagles Troy Vincent
0%
2018 Dolphins Xavien Howard
0%
No matching quizzes found
Score Distribution
Percent of People with Each Score
Percentile by Number Answered
Your Score History
You have not taken this quiz since the last reset